| 000 | 00409nam a2200169Ia 4500 | ||
|---|---|---|---|
| 008 | 230718s9999 xx 000 0 und d | ||
| 041 | _aeng | ||
| 082 |
_a378.11 _bGRE |
||
| 100 |
_aGre Novas _9144838 |
||
| 245 | _aGre Prep Course | ||
| 260 |
_c2003 _bNova Press |
||
| 300 | _a615 | ||
| 365 |
_cRs. _b296.00 |
||
| 500 | _a181 GEN | ||
| 700 |
_aGre Novas _9144838 |
||
| 906 |
_dB:1831530-Sep-2003 _cOTH _b59.2 |
||
| 999 |
_c306109 _d306109 |
||